000 00429nam a2200169 a 4500
001 0000-8580
003 ELIB.Books
008 110520 1977
035 _a(ELIB.Books)0000-8726
082 _a225
_bBri
100 _aBridge, Donald
245 _aThe Water that divides
260 _bDowners Grove: Inter Varsity Press
_c1977
650 _aNew Testament
942 _2ddc
_cBK
998 _cbat
_e2011-05-20
999 _c8580
_d8580